000 00638nam a2200241 i 4500
001 C2-0309764
003 PPAK
005 20180728100917.0
008 110602s2000 io |||| ||||| | may d
020 _a9799440017
040 _aPPAK
_beng
_cPPAK
_erda
082 0 4 _a297.4
_223
090 0 0 _a297.4
_bCHI
_dKMI
100 1 _aChittick, William C.,
_eauthor
245 1 0 _aJalan cinta sufi
264 1 _aYogyakarta, Indonesia :
_bPenerbit Qalam ,
_c2000
300 _axv, 589 pages ;
_c21 cm
336 _2rdacontent
_atext
337 _2rdamedia
_aunmediated
338 _2rdacarrier
_avolume
650 1 0 _aSufism.
942 _ddc
_cB
999 _c112288
_d112288